[Event "ICS rated blitz match"]
[Site "207.99.83.227"]
[Date "1999.03.27"]
[Round "?"]
[White "BERTA"]
[Black "Hossa"]
[Result "1-0"]
[WhiteElo "2504"]
[BlackElo "2525"]
[Annotator "Crafty v16.6"]
[PlyCount "105"]

{annotating for player Hossa using a scoring margin of +0.10 pawns. search
time limit is 12.00} 1. e4 1... e5 2. Nf3 Nc6 3. Bb5 a6 4. Bxc6 dxc6 5. O-O Bg4
6. h3 Bxf3 ({10:-0.55} 6... Bxf3 7. Qxf3 Nf6 8. d3 Bc5 9. Bg5 h6 10. Bh4 Qd6
11. Qf5 O-O 12. Bxf6 Qxf6 13. Qxf6 13... gxf6 $14) ({10:-0.44} 6... Bh5 7. g4
Bg6 8. Nxe5 Bd6 9. Nc4 Bxe4 10. d3 Bd5 11. Nxd6+ cxd6 12. Nc3 $14) 7. Qxf3 Qf6
8. Qxf6 Nxf6 9. d3 Bc5 10. Nd2 O-O-O 11. Nf3 Nd7 12. Bd2 Bd6 13. Be3 f6 14. g4
g5 15. Kg2 h5 16. Rh1 Nf8 17. Nd2 hxg4 ({9:+0.05} 17... hxg4 18. hxg4 Nh7 19.
Nc4 Bb4 20. Rad1 Kb8 21. d4 exd4 22. Rxd4 22... Rde8 $10) ({9:+0.33} 17... Ng6
18. Nc4 Be7 19. f3 hxg4 20. fxg4 Nh4+ 21. Kh2 Kb8 22. Rhf1 22... c5 $15) 18.
hxg4 Ng6 19. Rag1 Nh4+ 20. Kf1 Bb4 21. c3 Be7 22. Ke2 Rd7 23. Rd1 Rh7 ({9:-0.20
} 23... Rh7 24. Nb3 Rf7 25. Bc5 Bd8 26. d4 b6 27. Bb4 27... a5 $10) ({9:-0.08} 
23... c5 24. Nb3 b6 25. d4 exd4 26. cxd4 c4 27. Nd2 b5 28. d5 $10) 24. Nf3 Bd6
({8:-0.35} 24... Bd6 25. Rh3 Nxf3 26. Rxf3 Be7 27. d4 Rh2 28. Rf5 exd4 29. Bxd4
$14) ({8:-0.17} 24... c5 25. Nxh4 gxh4 26. Rh3 Rh8 27. Rdh1 Rhd8 28. c4 b5 29.
Rxh4 29... Rxd3 $10) 25. Nxh4 gxh4 ({10:-1.11} 25... gxh4 26. Rh3 Rd8 27. Rdh1
Rdh8 28. f3 Kd7 29. Bf2 Rh6 30. Bxh4 $16) ({10:-0.12} 25... Rxh4 26. d4 Rdh7
27. Rhg1 Rh2 28. c4 exd4 29. Bxd4 Re7 30. Kd3 30... Be5 $10) 26. Rh3 Rd8 27. f3
Bf8 ({10:-1.41} 27... Bf8 28. Rdh1 Kd7 29. Rxh4 Rxh4 30. Rxh4 Ke6 31. g5 fxg5
32. Bxg5 Be7 33. f4 $16) ({10:-1.09} 27... Rdh8 28. Rdh1 c5 29. Bf2 Kd7 30.
Rxh4 Rxh4 31. Rxh4 Rxh4 32. Bxh4 Ke6 33. Ke3 $16) 28. Bf2 Rhd7 ({10:-1.43} 
28... Rhd7 29. Rxh4 c5 30. Rh5 b6 31. Rf5 Bg7 32. Bh4 Rd6 33. Rh1 $16) ({
10:-1.26} 28... Be7 29. Rdh1 Rdh8 30. Rxh4 Rxh4 31. Rxh4 Rxh4 32. Bxh4 Kd7 33.
d4 exd4 34. cxd4 34... Kd6 $16) 29. Rxh4 Rf7 ({9:-1.60} 29... Rf7 30. d4 exd4
31. cxd4 Bb4 32. Rh5 Rg7 33. a3 Bd6 34. d5 $18) ({9:-1.44} 29... c5 30. Rh5 b6
31. Bh4 Be7 32. Rh7 Kb7 33. Rf7 33... c4 $16) 30. Rh5 Rfd7 31. Be3 a5 ({9:-2.40
} 31... a5 32. g5 fxg5 33. Bxg5 Re8 34. d4 Rd6 35. a4 Bg7 36. dxe5 36... Bxe5
$18) ({9:-1.81} 31... Bg7 32. Rd2 Rd6 33. d4 exd4 34. Rxd4 b5 35. Rxd6 Rxd6 36.
Rh7 36... Bf8 $18) 32. Rh8 c5 ({9:-1.86} 32... c5 33. g5 fxg5 34. Bxg5 Re8 35.
f4 exf4 36. Bxf4 c4 37. Be5 cxd3+ 38. Rxd3 Rxe5 39. Rxf8+ $18) ({9:-1.62} 32...
Bd6 33. Rdh1 Rg7 34. a4 Kd7 35. R8h7 Re7 36. b3 Rxh7 37. Rxh7+ $18) 33. c4 Kb8
({9:-2.08} 33... Kb8 34. g5 fxg5 35. Bxg5 Rc8 36. f4 Rg7 37. Bh6 Rg2+ 38. Kf3
Bxh6 39. Rxc8+ Kxc8 40. Kxg2 40... Bxf4 $18) ({9:-1.55} 33... Be7 34. Rxd8+
Kxd8 35. Rh1 Ke8 36. Rh8+ Kf7 37. Bd2 b6 38. Bh6 Rd4 39. Ke3 $18) 34. g5 fxg5
35. Bxg5 Re8 ({10:-2.47} 35... Re8 36. f4 exf4 37. Rf1 Rc8 38. Rxf4 Be7 39.
Rxc8+ Kxc8 40. Bxe7 Rxe7 41. Rf5 41... b6 $18) ({10:-2.10} 35... Rc8 36. f4
exf4 37. Bxf4 Bd6 38. Rxc8+ Kxc8 39. Rf1 Rg7 40. Rf2 Re7 41. Bg5 41... Re5 $18)
36. Rdh1 Rd6 ({10:-4.50} 36... Rd6 37. Rg8 Ka7 38. Rhh8 Rb6 39. b3 a4 40. Rxf8
Rxf8 41. Rxf8 axb3 42. axb3 42... Rxb3 $18) ({10:-2.51} 36... Rf7 37. R1h5 Rc8
38. Bd2 Bd6 39. Bxa5 Rg7 40. Rxc8+ Kxc8 41. Bc3 Re7 42. Rf5 $18) 37. Rg8 Rb6 ({
11:-5.23} 37... Rb6 38. b3 Ka7 39. Rhh8 Bg7 40. Rxe8 Bxh8 41. Rxh8 Rg6 42. Be7
Rg2+ 43. Ke3 $18) ({11:-4.66} 37... Ka7 38. Rhh8 Rb6 39. b3 a4 40. Rxf8 Rxf8
41. Rxf8 axb3 42. axb3 Rxb3 43. Re8 Rb2+ 44. Ke3 $18) 38. b3 a4 ({12:-5.97} 
38... a4 39. Rhh8 axb3 40. Rxf8 Rxf8 41. Rxf8+ Ka7 42. axb3 Re6 43. Be3 b6 44.
Rf7 Kb7 45. Rd7 $18) ({12:-5.27} 38... Ka7 39. Rhh8 a4 40. Be3 axb3 41. axb3
Rxb3 42. Rxf8 Rb2+ 43. Kd1 Rxf8 44. Bxc5+ b6 45. Bxf8 45... Kb7 $18) 39. Rhh8
Ka7 40. Rxf8 Rxf8 41. Rxf8 axb3 ({10:-7.16} 41... axb3 42. axb3 Re6 43. Rf5 b5
44. Bf6 bxc4 45. bxc4 Rxf6 46. Rxf6 Kb7 47. Rf7 $18) ({10:-6.43} 41... a3 42.
Bd2 Rg6 43. Rf5 Re6 44. Bc3 Rg6 45. Bxe5 Rg2+ 46. Ke3 46... Rxa2 $18) 42. axb3
Rxb3 43. Bf6 c6 44. Bxe5 b5 45. f4 Kb7 ({10:-9.34} 45... Kb7 46. Rb8+ Ka7 47.
f5 Ra3 48. cxb5 cxb5 49. Rxb5 Ra2+ 50. Ke3 Rc2 51. f6 51... Rg2 $18) ({10:-7.81
} 45... bxc4 46. dxc4 Rb4 47. Kd3 Rb1 48. Rf7+ Ka6 49. Rc7 Kb6 50. f5 Rd1+ 51.
Ke2 51... Rg1 $18) 46. f5 b4 47. f6 Ka7 48. f7 Ra3 49. Re8 Ra5 50. f8=Q Kb7 51.
Qe7+ Ka6 52. Ra8+ Kb6 53. Qc7# 1-0

[Event "ICS Rated blitz match"]
[Site "207.99.83.227"]
[Date "1999.03.27"]
[Round "?"]
[White "Hossa"]
[Black "RM"]
[Result "1-0"]
[WhiteElo "2508"]
[BlackElo "2266"]
[PlyCount "115"]

1. e4 d6 2. d4 Nf6 3. Nc3 g6 4. Nf3 Bg7 5. Bb5+ c6 6. Be2 O-O 7. O-O Nbd7 8.
Bf4 Qc7 9. Bg5 b5 10. Bd3 Bb7 11. Qd2 b4 12. Ne2 c5 13. dxc5 Nxc5 14. Bxf6 Bxf6
15. Ned4 Nxe4 16. Qxb4 a5 17. Qa3 Rab8 18. Rad1 Qb6 19. c3 e5 20. Ne2 Rfd8 21.
b4 axb4 22. Qxb4 Qxb4 23. cxb4 d5 24. a4 Nd6 25. Nd2 e4 26. Bb1 d4 27. Nc1 Bg5
28. Ndb3 d3 29. Nc5 Bd5 30. Na6 Rbc8 31. Nc5 Nc4 32. Bxd3 exd3 33. N1xd3 Be7
34. Nf4 Bc6 35. Nfd3 Nb6 36. a5 Nd5 37. Rb1 Be8 38. Nb7 Rd7 39. a6 Nc3 40. Ndc5
Bxc5 41. Nxc5 Rxc5 42. bxc5 Nxb1 43. Rxb1 Ra7 44. Rb6 Kf8 45. f3 Ba4 46. Kf2
Bc2 47. Ke3 Ke8 48. c6 Kd8 49. g4 Kc7 50. Rb7+ Rxb7 51. cxb7 Ba4 52. f4 Bb5 53.
f5 Bxa6 54. fxg6 hxg6 55. h4 Bxb7 56. h5 gxh5 57. gxh5 f5 58. h6 {RM resigns}
1-0

[Event "ICS rated blitz match"]
[Site "207.99.83.227"]
[Date "1999.03.27"]
[Round "?"]
[White "RM"]
[Black "Hossa"]
[Result "0-1"]
[WhiteElo "2260"]
[BlackElo "2514"]
[PlyCount "98"]

1. e4 d6 2. d4 Nf6 3. Nc3 c6 4. Nf3 Bg4 5. Be2 e6 6. O-O Nbd7 7. Be3 Bxf3 8.
Bxf3 Be7 9. Re1 O-O 10. d5 Ne5 11. Be2 Qd7 12. f4 Ng6 13. dxe6 fxe6 14. Qd2 b5
15. Bf3 Nh4 16. Qf2 Nxf3+ 17. Qxf3 e5 18. Rad1 exf4 19. Bxf4 b4 20. Ne2 Rad8
21. Qb3+ Kh8 22. e5 Nd5 23. Bg3 dxe5 24. Bxe5 Qg4 25. Bg3 Bc5+ 26. Kh1 Bf2 27.
Bxf2 Rxf2 28. Qg3 Qxg3 29. hxg3 Rc8 30. Kg1 Rf7 31. Nd4 Rfc7 32. Rd2 Nf6 33.
Nf5 Rf8 34. Re7 Rxe7 35. Nxe7 c5 36. Re2 Rd8 37. Nf5 Rd1+ 38. Kf2 Ra1 39. Kf3
Rxa2 40. b3 h5 41. Kf4 c4 42. Rd2 cxb3 43. Rd8+ Kh7 44. cxb3 Rf2+ 45. Kg5 Ne4+
46. Kxh5 Rxf5+ 47. Kg4 Rd5 48. Rb8 a5 49. Kf4 49... Nd2 {RM resigns} 0-1

[Event "ICS rated blitz match"]
[Site "207.99.83.227"]
[Date "1999.03.27"]
[Round "?"]
[White "Hossa"]
[Black "Speedy"]
[Result "1-0"]
[WhiteElo "2520"]
[BlackElo "2304"]
[PlyCount "31"]

1. e4 c5 2. Bc4 a6 3. Nc3 b5 4. Bxf7+ Kxf7 5. Qh5+ g6 6. Qd5+ e6 7. Qxa8 Nc6 8.
Nf3 Qc7 9. d3 b4 10. Na4 h6 11. Bf4 d6 12. Nxc5 e5 13. Bd2 dxc5 14. Qxc6 Qxc6
15. Nxe5+ Kf6 16. Nxc6 {Speedy resigns} 1-0

[Event "ICS rated blitz match"]
[Site "207.99.83.227"]
[Date "1999.03.27"]
[Round "?"]
[White "Web-vinnik"]
[Black "Hossa"]
[Result "0-1"]
[WhiteElo "2310"]
[BlackElo "2527"]
[PlyCount "99"]

1. d4 Nf6 2. c4 g6 3. Nc3 Bg7 4. e4 d6 5. Nf3 Bg4 6. Be2 O-O 7. Be3 Nc6 8. d5
Bxf3 9. Bxf3 Ne5 10. Be2 e6 11. O-O exd5 12. cxd5 Re8 13. Rc1 Ned7 14. f3 Nb6
15. Qd2 c6 16. dxc6 bxc6 17. Bd4 Rb8 18. Rfd1 Bf8 19. Qf4 Nh5 20. Qd2 Nf6 21.
Kh1 Nfd7 22. a4 Qh4 23. a5 Bh6 24. Be3 Bxe3 25. Qxe3 Nc8 26. g3 Qh5 27. Rd2
Qxa5 28. Rcd1 Qh5 29. f4 Qh3 30. Bf1 Qh6 31. Qd4 Nc5 32. Bc4 Qf8 33. Qf6 Rxe4
34. Nxe4 Nxe4 35. Qd4 Nxd2 36. Qxd2 d5 37. Bf1 Qg7 38. Rb1 Nd6 39. b4 a5 40.
Qc2 Rxb4 41. Rxb4 axb4 42. Qxc6 Qa1 43. Kg2 Qa2+ 44. Kh3 Ne4 45. Qe8+ Kg7 46.
Qe5+ Nf6 47. g4 Qa3+ 48. Kg2 Qc3 49. Qg5 Qc2+ 50. Kg3 {Web-vinnik resigns} 0-1

[Event "ICS rated blitz match"]
[Site "207.99.83.227"]
[Date "1999.03.27"]
[Round "?"]
[White "Hossa"]
[Black "Web-vinnik"]
[Result "1-0"]
[WhiteElo "2534"]
[BlackElo "2303"]
[PlyCount "23"]

1. e4 c5 2. Bc4 e6 3. Nc3 Nc6 4. Nf3 d6 5. d4 cxd4 6. Nxd4 Nf6 7. O-O Be7 8.
Bb5 Qc7 9. Nxc6 bxc6 10. Bc4 O-O 11. Bf4 d5 12. Bxc7 {Web-vinnik resigns} 1-0

[Event "ICS rated blitz match"]
[Site "207.99.83.227"]
[Date "1999.03.27"]
[Round "?"]
[White "SMJT"]
[Black "Hossa"]
[Result "0-1"]
[WhiteElo "2346"]
[BlackElo "2541"]
[PlyCount "62"]

1. d4 Nf6 2. c4 g6 3. Nc3 Bg7 4. e4 d6 5. Nge2 O-O 6. Ng3 e5 7. d5 Ng4 8. h4
Bd7 9. f3 Nh6 10. Bg5 f6 11. Be3 f5 12. Bg5 Qe8 13. Qd2 f4 14. Nge2 Nf7 15.
O-O-O h6 16. g3 hxg5 17. hxg5 fxg3 18. Nxg3 Qd8 19. Kb1 Nxg5 20. Be2 Nxf3 21.
Bxf3 Rxf3 22. Qh2 Kf8 23. Rdf1 Rf4 24. Nce2 Rxf1+ 25. Rxf1+ Kg8 26. Rh1 Qg5 27.
Qh7+ Kf8 28. Rf1+ Bf6 29. Nh5 gxh5 30. Rg1 Bg4 31. Rf1 31... Bxe2 {SMJT resigns
} 0-1

[Event "ICS rated blitz match"]
[Site "207.99.83.227"]
[Date "1999.03.27"]
[Round "?"]
[White "hnishy"]
[Black "Hossa"]
[Result "0-1"]
[WhiteElo "2373"]
[BlackElo "2549"]
[PlyCount "40"]

1. e4 d6 2. d4 Nf6 3. Nc3 c6 4. Nf3 Bg4 5. Be2 e6 6. O-O Nbd7 7. Bg5 Be7 8. h3
Bxf3 9. Bxf3 O-O 10. Qd2 Qb6 11. Rab1 Rae8 12. Rfe1 Qb4 13. a3 Qb6 14. d5 Ne5
15. Be2 exd5 16. exd5 Nxd5 17. Bxe7 Nxe7 18. Qxd6 Nf5 19. Qd2 Nd4 20. Bd1 20...
Nc4 {hnishy resigns} 0-1

[Event "ICS rated blitz match"]
[Site "207.99.83.227"]
[Date "1999.03.27"]
[Round "?"]
[White "Hossa"]
[Black "Fallen-Star"]
[Result "1-0"]
[WhiteElo "2558"]
[BlackElo "2386"]
[PlyCount "77"]

1. e4 Nf6 2. e5 Nd5 3. Nc3 e6 4. Nxd5 exd5 5. Qf3 Nc6 6. Qxd5 Be7 7. d4 O-O 8.
Bb5 d6 9. Bxc6 bxc6 10. Qxc6 Bd7 11. Qe4 c5 12. dxc5 dxe5 13. c6 Be6 14. Qxe5
Bd5 15. c7 Qd7 16. Ne2 Bd6 17. Qg5 Bxc7 18. O-O Rae8 19. Be3 Re5 20. Qh4 Re4
21. Nf4 Bb7 22. Qh3 Qa4 23. b3 Qb4 24. Nd3 Qc3 25. Bxa7 f5 26. Rfc1 Rg4 27. f3
Rg6 28. Be3 f4 29. Bc5 Rf7 30. Re1 h6 31. Re8+ Kh7 32. Rc1 Ba6 33. Ree1 Qf6 34.
c4 Bb7 35. Rcd1 Qa6 36. Rd2 Bd8 37. Ne5 Bb6 38. Bxb6 Qxb6+ 39. Kf1 {
Fallen-Star resigns} 1-0

[Event "ICS rated blitz match"]
[Site "207.99.83.227"]
[Date "1999.03.27"]
[Round "?"]
[White "Hossa"]
[Black "Fallen-Star"]
[Result "1-0"]
[WhiteElo "2567"]
[BlackElo "2361"]
[PlyCount "121"]

1. e4 Nf6 2. e5 Nd5 3. Nc3 Nb6 4. Nf3 d5 5. d4 Bg4 6. Bb5+ c6 7. Be2 e6 8. Bg5
Be7 9. Bxe7 Qxe7 10. O-O O-O 11. Bd3 N8d7 12. h3 Bxf3 13. Qxf3 f6 14. Qh5 g6
15. Bxg6 hxg6 16. Qxg6+ Qg7 17. Qxg7+ Kxg7 18. exf6+ Rxf6 19. Rfe1 Re8 20. Rad1
e5 21. Rd2 e4 22. Rde2 Ref8 23. a4 Nc4 24. Nd1 Nd6 25. c3 R8f7 26. Ne3 Nf8 27.
Ng4 Rf5 28. b3 Ng6 29. Rc2 Rg5 30. c4 Nf5 31. Rd1 Nf4 32. cxd5 cxd5 33. Kh1 Ne6
34. Rcd2 Nd6 35. Kg1 Nf4 36. Rc2 Nd3 37. Rcd2 a5 38. Ne5 Nxe5 39. dxe5 Rxe5 40.
Rxd5 Rxd5 41. Rxd5 Nf5 42. Rxa5 Nd4 43. Re5 Nxb3 44. Rxe4 Nc5 45. Rg4+ Kf6 46.
Rc4 Ne6 47. h4 Ke5 48. g3 Kd5 49. Rg4 Rg7 50. Rxg7 Nxg7 51. g4 Ke4 52. Kg2 Kf4
53. Kh3 Ne6 54. a5 Kf3 55. h5 Kf4 56. Kh4 Ng5 57. h6 Nh7 58. Kh5 Nf6+ 59. Kg6
Nxg4 60. h7 Ne5+ 61. Kg7 {Fallen-Star resigns} 1-0

[Event "ICS rated blitz match"]
[Site "207.99.83.227"]
[Date "1999.03.27"]
[Round "?"]
[White "BugBlaster"]
[Black "Hossa"]
[Result "0-1"]
[WhiteElo "2372"]
[BlackElo "2574"]
[PlyCount "46"]

1. e4 c5 2. Nf3 Nc6 3. d4 cxd4 4. Nxd4 Qb6 5. Nb3 Nf6 6. Nc3 e6 7. Bd3 Bb4 8.
O-O Bxc3 9. bxc3 Qc7 10. f4 d6 11. Ba3 Bd7 12. Qf3 Rd8 13. Rad1 Bc8 14. Kh1 O-O
15. Nd4 Qa5 16. Nxc6 bxc6 17. Bb2 Qxa2 18. Ba1 e5 19. c4 Bg4 20. Qg3 Bxd1 21.
Rxd1 Nh5 22. Qg4 Nxf4 23. Rf1 23... Rb8 {BugBlaster resigns} 0-1

[Event "ICS Rated blitz match"]
[Site "207.99.83.227"]
[Date "1999.03.27"]
[Round "?"]
[White "Kirlian"]
[Black "Hossa"]
[Result "0-1"]
[WhiteElo "2529"]
[BlackElo "2582"]
[PlyCount "50"]

1. e4 e5 2. Nc3 Nf6 3. g3 Bb4 4. Bg2 O-O 5. Nge2 d6 6. O-O Bg4 7. h3 Bxc3 8.
bxc3 Bxe2 9. Qxe2 Nc6 10. c4 Nd4 11. Qd1 Qd7 12. c3 Ne6 13. d3 b5 14. cxb5 Qxb5
15. Kh2 Qc6 16. c4 Rab8 17. f4 Qc5 18. f5 Qd4 19. fxe6 Qxa1 20. Rxf6 gxf6 21.
e7 Rfe8 22. Qg4+ Kh8 23. Bh6 Rg8 24. Qd7 Qe1 25. g4 25... Qf2 {Kirlian resigns}
0-1

[Event "ICS rated blitz match"]
[Site "207.99.83.227"]
[Date "1999.03.27"]
[Round "?"]
[White "Hossa"]
[Black "Kirlian"]
[Result "0-1"]
[WhiteElo "2596"]
[BlackElo "2515"]
[Annotator "Crafty v16.6"]
[PlyCount "116"]

{annotating for player Hossa using a scoring margin of +0.10 pawns. search
time limit is 12.00} 1. e4 1... g6 2. Be2 Bg7 3. Nc3 e5 4. Nf3 Nc6 5. O-O Nge7
6. d3 h6 7. Be3 ({9:+0.32} 7. Be3 7... Nd4 8. a3 c6 9. Re1 Nxe2+ 10. Qxe2 d6
11. d4 O-O 12. dxe5 12... dxe5 $14) ({9:+0.49} 7. Re1 7... a6 8. Bd2 d6 9. Qc1
Bg4 10. Be3 Qd7 11. Qd2 $14) 7... d6 8. d4 Bd7 9. d5 ({8:+0.31} 9. d5 9... Nb8
10. Nb5 f5 11. Qd3 f4 12. Bd2 12... O-O $14) ({8:+0.50} 9. dxe5 9... Nxe5 10.
Nxe5 Bxe5 11. Rb1 f6 12. Qd2 h5 13. Bb5 Bxc3 14. Bxd7+ Qxd7 15. Qxc3 $14) 9...
Nb8 10. Nb5 a6 11. Nc3 O-O 12. Qc1 ({9:+0.39} 12. Qc1 12... g5 13. Qd2 Ng6 14.
Rad1 Nf4 15. Bc4 Bg4 16. Bxf4 16... exf4 $14) ({9:+0.54} 12. Qd2 12... g5 13.
Ne1 Ng6 14. Nd3 Nf4 15. Bd1 Nxd3 16. cxd3 16... Qf6 $14) 12... Kh7 13. b3 ({
8:+0.37} 13. b3 13... f5 14. exf5 Nxf5 15. Ne4 Kh8 16. Re1 Nxe3 17. Qxe3 17...
Bg4 $14) ({8:+0.49} 13. Re1 13... a5 14. Qd2 Na6 15. a3 Rb8 16. Bc4 16... Nc5
$14) 13... f5 14. Bd3 ({8:-0.03} 14. Bd3 14... f4 15. Bd2 Kg8 16. Qe1 Bg4 17.
Qe2 17... Nd7 $10) ({8:+0.28} 14. exf5 14... Nxf5 15. Ne4 Nd4 16. Qd2 Nxe2+ 17.
Qxe2 Kh8 18. Rae1 Bg4 19. Ned2 $10) 14... f4 15. Bd2 g5 16. Ne1 ({9:+0.21} 16.
Ne1 16... Bg4 17. f3 Bh5 18. Qd1 Nd7 19. Qe2 Kg8 20. Bc4 $10) ({9:+0.34} 16.
Qd1 16... g4 17. Nh4 Qc8 18. Nf5 Nxf5 19. exf5 Bxf5 20. Qxg4 Bxd3 21. Qxc8 Rxc8
22. cxd3 $14) 16... g4 17. Qd1 Ng6 18. Nb1 ({8:-0.06} 18. Nb1 18... Qf6 19. Nc3
f3 20. g3 Kg8 21. Bc4 21... Rd8 $10) ({8:+0.11} 18. Kh1 18... Qh4 19. a4 Kg8
20. b4 g3 21. Nf3 21... Qg4 $10) 18... h5 19. b4 ({8:-0.17} 19. b4 19... Qf6
20. Nc3 f3 21. g3 h4 22. gxh4 Qxh4 23. Be3 $10) ({8:+0.07} 19. Nc3 19... h4 20.
Be2 g3 21. hxg3 hxg3 22. fxg3 fxg3 23. Rxf8 Bxf8 24. Nf3 $10) 19... Bh6 20. Nc3
Bc8 21. b5 ({8:-0.10} 21. b5 21... axb5 22. Bxb5 h4 23. Be2 g3 24. Bc4 Qg5 25.
Nf3 gxh2+ 26. Nxh2 $10) ({8:+0.16} 21. Be2 21... Nh4 22. Bc4 f3 23. Bxh6 fxg2
24. Bxf8 gxf1=Q+ 25. Kxf1 Qxf8 26. Qd3 $10) 21... a5 22. b6 ({8:-0.50} 22. b6
22... cxb6 23. Bc1 Na6 24. Rb1 Nb4 25. Qe2 Nxd3 26. Nxd3 $15) ({8:+0.11} 22.
Be2 22... Qh4 23. Bc1 Nd7 24. Qd2 Bg5 25. Nd3 25... Kg8 $10) 22... c5 23. dxc6
Nxc6 24. Nd5 Bd7 25. f3 ({8:-0.11} 25. f3 25... Qh4 26. fxg4 hxg4 27. Bc3 Nge7
28. Nc7 Rac8 29. Qd2 $10) ({8:+0.82} 25. Bb5 25... Nge7 26. Nc7 Rc8 27. Bc3 Rf6
28. Qd3 28... Kg8 $16) 25... g3 26. hxg3 ({7:-0.54} 26. hxg3 26... fxg3 27. f4
Bg4 28. Be2 Bxf4 29. Bxg4 hxg4 30. Bxf4 Nxf4 31. Qxg4 Nxd5 32. Rxf8 Qxf8 33.
exd5 $15) ({7:-0.11} 26. c3 26... gxh2+ 27. Kxh2 Qh4+ 28. Kg1 Nce7 29. Nc7 Rac8
30. c4 a4 31. Qe2 $10) 26... fxg3 27. f4 Bg4 28. Nf3 Bxf3 29. Rxf3 Qh4 30. Rxg3
Qxg3 31. Be1 Qg4 32. Be2 Qd7 33. f5 Nf4 34. Nxf4 exf4 35. Bxh5 Ne5 36. Bc3 ({
8:-2.68} 36. Bc3 36... Qc6 37. Qd4 Rfc8 38. Bd2 Qxc2 39. Qd5 Qc5+ 40. Qxc5
40... Rxc5 $19) ({8:-2.08} 36. Qd5 $19) 36... Qe7 37. Rb1 Rg8 38. Rb5 ({7:-2.62
} 38. Rb5 38... Qg5 39. Bf3 Nxf3+ 40. Qxf3 Rac8 41. Rb3 a4 42. Ra3 42... Rc4
$19) ({7:-1.99} 38. a4 38... Nc4 39. Qd3 Ne3 40. Bf3 Bg7 41. Bd2 $19) 38... Rg5
39. Kh1 ({8:-2.94} 39. Kh1 39... f3 40. Bg6+ Nxg6 41. fxg6+ Rxg6 42. Qxf3 Re8
43. Rh5 Qxe4 44. Qxe4 Rxe4 45. Bxa5 $19) ({8:-2.35} 39. Bxe5 39... dxe5 40. c4
Kh8 41. c5 Qf6 42. Qe2 Rg3 43. Bg6 $19) 39... Rag8 40. Rxa5 ({8:-5.19} 40. Rxa5
40... Rg3 41. Qg1 Qh4+ 42. Qh2 Qxh2+ 43. Kxh2 Rxg2+ 44. Kh1 R2g3 45. Bg6+ Nxg6
46. fxg6+ Kxg6 47. Bd4 $19) ({8:-2.79} 40. Bxe5 40... Rxg2 41. Bg6+ R2xg6 42.
fxg6+ Rxg6 43. Qh5 Rg5 44. Qh4 Rxe5 45. Qxe7+ Rxe7 46. Rxa5 $19) 40... Rxg2 41.
Bg6+ R8xg6 42. fxg6+ Rxg6 43. Qh5 Nc4 44. e5 Nxa5 45. Bxa5 Qd7 46. Qf3 dxe5 47.
Kh2 Qd4 48. Qf1 f3 49. Be1 e4 50. Bg3 Qd5 51. c4 Qd2+ 52. Bf2 e3 53. Kh3 exf2
54. a4 Qd7+ 55. Kh2 Bf4+ 56. Kh1 Rg1+ 57. Qxg1 Qh3+ 58. Qh2 f1=Q# 0-1

[Event "ICS rated blitz match"]
[Site "207.99.83.227"]
[Date "1999.03.27"]
[Round "?"]
[White "Kirlian"]
[Black "Hossa"]
[Result "0-1"]
[WhiteElo "2545"]
[BlackElo "2576"]
[PlyCount "34"]

1. e4 d6 2. Nc3 Nf6 3. f4 e5 4. d3 Nc6 5. Nf3 Be7 6. d4 Nxd4 7. Nxd4 exd4 8.
Qxd4 O-O 9. Be3 Ng4 10. Bg1 Bh4+ 11. g3 Bf6 12. Qd2 Bxc3 13. Qxc3 Re8 14. O-O-O
Rxe4 15. Bg2 Re2 16. Bf3 Re7 17. Bf2 17... Nxf2 {Kirlian resigns} 0-1

[Event "ICS rated blitz match"]
[Site "207.99.83.227"]
[Date "1999.03.27"]
[Round "?"]
[White "Hossa"]
[Black "Kirlian"]
[Result "0-1"]
[WhiteElo "2591"]
[BlackElo "2530"]
[Annotator "Crafty v16.6"]
[PlyCount "144"]

{annotating for player Hossa using a scoring margin of +0.10 pawns. search
time limit is 12.00} 1. e4 1... g6 2. Be2 Bg7 3. Nc3 e6 4. Nf3 Ne7 5. d4 O-O 6.
e5 ({9:+0.02} 6. e5 6... Nbc6 7. O-O d5 8. Bg5 Bd7 9. Qd2 Nb4 10. Bf6 $10) ({
9:+0.32} 6. O-O 6... d5 7. exd5 exd5 8. Bf4 Re8 9. Re1 Nd7 10. Qd3 10... Nb6
$14) 6... d6 7. Bg5 ({8:-0.08} 7. Bg5 7... dxe5 8. dxe5 Qxd1+ 9. Rxd1 Nec6 10.
O-O Nxe5 11. Nxe5 Bxe5 12. Be7 12... Re8 $10) ({8:+0.15} 7. O-O 7... d5 8. Bg5
Nbc6 9. Qd2 Nb4 10. Bf6 Bxf6 11. exf6 $10) 7... h6 8. exd6 cxd6 9. Bxe7 ({
9:-0.32} 9. Bxe7 9... Qxe7 10. Qd2 d5 11. h4 Nc6 12. h5 g5 13. O-O-O 13... Qb4
$15) ({9:+0.15} 9. Bf4 9... g5 10. Be3 Nf5 11. Qd3 Nxe3 12. fxe3 g4 13. Nd2
Qh4+ 14. g3 $10) 9... Qxe7 10. O-O d5 11. Qd2 Nc6 12. Bb5 Bd7 13. Rae1 Qd6 14.
Na4 ({8:-0.38} 14. Na4 14... b6 15. Bxc6 Bxc6 16. Nc3 f5 17. Ne5 Be8 18. Qf4
$15) ({8:-0.01} 14. Ne5 14... Be8 15. Bxc6 bxc6 16. Qf4 Rb8 17. Na4 Rb4 18. b3
$10) 14... a6 15. Bxc6 Bxc6 16. Nc5 Bb5 17. Nd3 Rac8 18. c3 Rc7 19. Kh1 ({
9:-0.43} 19. Kh1 19... f5 20. Nfe5 Rf6 21. Qf4 Bf8 22. Re3 b6 23. Rfe1 $15) ({
9:-0.27} 19. Nfe5 19... Qe7 20. Re3 Rfc8 21. Rfe1 21... b6 $10) 19... Rfc8 20.
Qd1 ({8:-0.66} 20. Qd1 20... Qb6 21. Re2 Bc4 22. a3 Qb5 23. a4 23... Qd7 $15) (
{8:-0.54} 20. Nfe5 20... g5 21. Qe2 f6 22. Ng6 Kh7 23. a4 23... Bxa4 $15) 20...
Bc4 21. Qb1 b5 22. Rg1 ({8:-0.73} 22. Rg1 22... a5 23. Nde5 b4 24. Qc2 Bb5 25.
Re3 bxc3 26. bxc3 $17) ({8:-0.42} 22. Nfe5 22... Bxe5 23. dxe5 Qd8 24. Qc2 d4
25. Rd1 Qd5 26. cxd4 26... Qxd4 $15) 22... Bxd3 23. Qxd3 b4 24. cxb4 Qxb4 25.
b3 a5 26. Re2 Rc3 27. Qd2 a4 28. bxa4 Qxa4 29. Ra1 Qa3 30. Ne5 Rc1+ 31. Re1
Rxa1 32. Rxa1 Qa4 33. f4 ({10:-1.44} 33. f4 33... Rc2 34. Qd1 Bxe5 35. fxe5 Rc4
36. Qf3 Rxd4 37. Rf1 Qe8 38. Qf6 $17) ({10:-1.16} 33. Nf3 33... Rc2 34. Qe3
Rxa2 35. Rxa2 Qxa2 36. h3 Qa1+ 37. Kh2 Qd1 38. Nd2 38... Qh5 $17) 33... Rc2 34.
Qd1 Bxe5 35. fxe5 Rc4 36. Qxa4 Rxa4 37. Rd1 Rxa2 38. h4 g5 39. hxg5 hxg5 40.
Rd3 ({12:-1.91} 40. Rd3 40... Kg7 41. Kh2 f6 42. exf6+ Kxf6 43. Rf3+ Kg6 44.
Re3 Kf5 45. Re5+ Kf4 46. Rxe6 Rd2 47. Rf6+ Kg4 48. Rd6 48... Rxd4 $19) ({
12:-1.79} 40. Kh2 40... Kg7 41. Kh3 f6 42. exf6+ Kxf6 43. Rf1+ Ke7 44. Rd1 Re2
45. g3 e5 46. Kg4 Re4+ 47. Kxg5 47... exd4 $19) 40... Kh7 41. Kh2 Re2 42. Kh3 (
{12:-2.02} 42. Kh3 42... Re4 43. Kg3 Kg7 44. Kf2 f6 45. exf6+ Kxf6 46. Rf3+ Kg6
47. Rd3 e5 48. dxe5 Rxe5 49. Rd4 49... Kf5 $19) ({12:-1.62} 42. Kg3 42... Kg6
43. Kf3 Re4 44. Kf2 f6 45. exf6 Kxf6 46. Rf3+ Ke7 47. Rd3 e5 48. dxe5 Rxe5 49.
Rd4 $19) 42... Re4 43. g3 Kg6 44. Rd1 Kg7 45. Rd2 Kf8 46. g4 Ke7 47. Rd3 Rf4
48. Rd1 Kd7 49. Rd3 Kc6 50. Rc3+ Kb6 51. Rb3+ Kc6 52. Rc3+ Kb5 53. Rc8 Rxd4 54.
Rb8+ Kc4 55. Rc8+ Kd3 56. Rg8 Ke4 57. Rxg5 Rd1 58. Kg3 d4 59. Rg7 Rf1 60. Kg2
Rf4 61. g5 d3 62. Rg8 Ke3 63. g6 fxg6 64. Rxg6 d2 65. Rg3+ Ke2 66. Rh3 d1=Q 67.
Kg3 Rf3+ 68. Kg4 Qd4+ 69. Kh5 Qxe5+ 70. Kg6 Qf6+ 71. Kh5 Rxh3+ 72. Kg4 Qh4# 0-1

[Event "ICS Rated blitz match"]
[Site "207.99.83.227"]
[Date "1999.03.27"]
[Round "?"]
[White "Hossa"]
[Black "Kirlian"]
[Result "1-0"]
[WhiteElo "2572"]
[BlackElo "2568"]
[PlyCount "61"]

1. e4 g6 2. Be2 Bg7 3. Nc3 e5 4. Nf3 Nc6 5. O-O Nge7 6. d3 O-O 7. Bg5 h6 8.
Bxe7 Nxe7 9. d4 exd4 10. Nxd4 d6 11. Qd3 Kh7 12. Rad1 f5 13. Qc4 f4 14. Ndb5
Nc6 15. Nd5 f3 16. Bxf3 Ne5 17. Qxc7 Nxf3+ 18. gxf3 Qh4 19. Qxd6 Rxf3 20. Qe7
Qg4+ 21. Kh1 Be6 22. Rg1 Qxe4 23. Nd6 Qe5 24. Rge1 Qxd5 25. Rxd5 Bxd5 26. c4
Bc6 27. Kg1 Rf4 28. h3 Raf8 29. Re2 Kh8 30. Rd2 Bf6 31. Qxf8+ {Kirlian resigns}
1-0